Personnel : The human problems of management

Bibliographic Details
Main Author: Strauss, George
Other Authors: Sayles, Leonard R.
Format: Book
Published: Englewood Cliff,N.J. : Prentice-Hall , 1980
Edition:4th. ed.
Subjects:

MARC

LEADER 00000cam a2200000 7i4500
001 0000005501
005 20050419.0
020 |a 0136578098 
040 |a INS 
090 0 0 |a HF5549.   |b S89 1980 
100 1 |a Strauss, George 
245 1 0 |a Personnel :   |b The human problems of management   |c George Strauss, Leonard R. Sayles 
250 |a 4th. ed. 
260 |a Englewood Cliff,N.J. :   |b Prentice-Hall ,   |c 1980 
300 |a xiv, 674p. ;   |c 22 cm. 
650 0 0 |a Management 
650 0 0 |a Personnel management 
700 0 |a Sayles, Leonard R. 
999 |a 0000000032   |b BOOK   |c Open Shelf   |e Default branch